000 00404nam a2200145Ia 4500
008 240729s9999 xx 000 0 und d
022 _a2299-8292
245 0 _aPneumonologia i Alergologia Polska
260 _aPoland
260 _bVia Medica sp. z.o.o. VM Group Via Medica
650 _aMedicine
856 _uhttps://doaj.org/toc/1ac2de50267f4789932a85d8ab995dc2
942 _2ddc
942 _cDOAJEJ
999 _c71099
_d71099
945 _a1
_bMadushi Gamage
_c1
_dMadushi Gamage